Vista normal
Vista MARC
Entrada Personal Name
Número de registros utilizados en: 1
001 - CONTROL NUMBER
- control field: 17532
003 - CONTROL NUMBER IDENTIFIER
- control field: DLC
005 - DATE AND TIME OF LATEST TRANSACTION
- control field: 20250930154008.0
008 - FIXED-LENGTH DATA ELEMENTS
- fixed length control field: 790411n| acannaab |a aaa
010 ## - LIBRARY OF CONGRESS CONTROL NUMBER
- LC control number: n 79032695
040 ## - CATALOGING SOURCE
- Original cataloging agency: DLC
- Transcribing agency: Mx-PuUPA
- Modifying agency: DLC
- Modifying agency: Mx-PuUPA
- Language of cataloging: spa
- Description conventions: rda
100 1# - HEADING--PERSONAL NAME
- Personal name: Kaviraj, Sudipta,
- Dates associated with a name: 1945-
372 ## - FIELD OF ACTIVITY
- Field of activity: Especialidad en los ámbitos de la política y la historia intelectual del sur de Asia
373 ## - ASSOCIATED GROUP
- Associated group: Universidad Jawaharlal Nehru
- Associated group: Universidad de la Presidencia
374 ## - OCCUPATION
- Occupation: Editor
- Occupation: Académico
375 ## - GENDER
- Gender: hombre
377 ## - ASSOCIATED LANGUAGE
- Language code: eng
400 0# - SEE FROM TRACING--PERSONAL NAME
- Personal name: Sudipta Kaviraj
- Dates associated with a name: 1945-
400 1# - SEE FROM TRACING--PERSONAL NAME
- Personal name: Kaviraj, Sudipto
- Dates associated with a name: 1945-
400 0# - SEE FROM TRACING--PERSONAL NAME
- Personal name: Sudipto Kaviraj
- Dates associated with a name: 1945-
670 ## - SOURCE DATA FOUND
- Source citation: The State of political theory, 1978 (a.e.)
- Information found: t.p. (Sudipta Kaviraj)
670 ## - SOURCE DATA FOUND
- Source citation: His The myth of praxis, 1988:
- Information found: t.p. (Sudipta Kaviraj)
670 ## - SOURCE DATA FOUND
- Source citation: New Delhi manual auth. cd.
- Information found: (b. in 1948; teaches at the Cen. for Pol. Studies, Jawaharlal Nehru U., New Delhi)
670 ## - SOURCE DATA FOUND
- Source citation: His A taste for transgression liminality in the ... 1987:
- Information found: t.p. (Sudipto Kaviraj)
670 ## - SOURCE DATA FOUND
- Source citation: The trajectories of the Indian state, 2010:
- Information found: jkt. (prof. of Ind. Pol. & Hist., Columbia U.; fellow of St Antony's Coll. Oxford & visiting prof., U. of California, Berkeley and U. of Chicago)